Birds by Letter - W - Statistics

General Stats
  • This quiz has been taken 28 times
  • The average score is 7 of 16
Answer Stats
Picture Answer % Correct
Woodpecker
96%
Warbler
78%
Waxwing
70%
Wagtail
63%
Wigeon
56%
Waxbill
48%
White-eye
48%
Wheatear
37%
Waterthrush
33%
Weaver
33%
Wattlebird
30%
Whydah
26%
Whipbird
19%
Whistler
11%
Wattle-eye
7%
Woodnymph
7%
No matching quizzes found
Score Distribution
Percent of People with Each Score
Percentile by Number Answered
Your Score History
You have not taken this quiz